Manual of traffic engineering studies (Record no. 33603)

000 -LEADER
fixed length control field 00526nam a22001937a 4500
001 - CONTROL NUMBER
control field 33603
003 - CONTROL NUMBER IDENTIFIER
control field BD-DhUET
008 - FIXED-LENGTH DATA ELEMENTS--GENERAL INFORMATION
fixed length control field 150917b xxu||||| |||| 00| 0 eng d
040 ## - CATALOGING SOURCE
Transcribing agency DLC
Modifying agency BD-DhUET
082 ## - DEWEY DECIMAL CLASSIFICATION NUMBER
Classification number 388.312
Item number CLE/1964
100 ## - MAIN ENTRY--PERSONAL NAME
Personal name Cleveland, Donald E.
245 ## - TITLE STATEMENT
Title Manual of traffic engineering studies
250 ## - EDITION STATEMENT
Edition statement 3rd ed.
260 ## - PUBLICATION, DISTRIBUTION, ETC. (IMPRINT)
Place of publication, distribution, etc. Woshington .D. C.
Name of publisher, distributor, etc. Institute of traffic Engineers
Date of publication, distribution, etc. 1964
300 ## - PHYSICAL DESCRIPTION
Extent xii, 187 p.
Other physical details ill
504 ## - BIBLIOGRAPHY, ETC. NOTE
Bibliography, etc Includes bibliographies
650 #0 - SUBJECT ADDED ENTRY--TOPICAL TERM
Topical term or geographic name as entry element Traffic engineering
942 ## - ADDED ENTRY ELEMENTS (KOHA)
Koha item type Edited Book
Holdings
Location (home branch) Koha item type Koha full call number Price effective from Damaged status Withdrawn status Source of classification or shelving scheme Koha date last seen Koha normalized classification for sorting Date acquired Sublocation or collection (holding branch) Shelving location Copy number Lost status Piece designation (barcode) Not for loan
Central Library, BUETEdited Book388.312/CLE/19642015-09-17   2015-09-17388_312000000000000_CLE_19642015-09-17Central Library, BUETReference section1 84362 
Central Library, BUETEdited Book388.312/CLE/19642017-03-12   2017-03-25388_312000000000000_CLE_19642017-03-12Central Library, BUETCirculation section2 22130 
Central Library, BUETEdited Book388.312/CLE/19642017-03-12   2017-03-12388_312000000000000_CLE_19642017-03-12Central Library, BUETCirculation section3 22128 
Central Library, BUETEdited Book388.312/CLE/19642017-03-12   2017-03-12388_312000000000000_CLE_19642017-03-12Central Library, BUETCirculation section4 22126 
Central Library, BUETEdited Book388.312/CLE/19642017-03-12   2017-03-12388_312000000000000_CLE_19642017-03-12Central Library, BUETCirculation section5 22127 
Central Library, BUETEdited Book388.312/CLE/19642017-03-12   2017-03-12388_312000000000000_CLE_19642017-03-12Central Library, BUETCirculation section6 22129